• 首页
  • 本馆介绍
  • 公告通知
  • 最新文献
  • 馆藏检索
  • 电子资源
  • 读者荐购
  • 参考咨询
  • CALIS
  • 我的图书馆
  • 登录
  • 详细信息显示
  • 放入我的书架
  • 预约/预借图书
  • 作者相关作品
  • 分类相关作品
  • 丛书相关作品
  • 出版社相关作品

书目信息

  • 表格格式
  • 工作单格式
  • 卡片格式
题名:
建设工程项目管理通关宝典
    
 
作者: 陈晨 主编 ;学天教育建工事业部 组织编写
分册:  
出版信息: 北京   中国城市出版社  2019
页数: 387页
开本: 26cm
丛书名: 2019年版全国一级建造师执业资格考试通关宝典
单 册:
中图分类: F284
科图分类:
主题词: 基本建设项目--项目管理--资格考试--自学参考资料
电子资源:
ISBN: 978-7-5074-3182-7
 
 
 
 
 
000 01190oam2 2200265 450
001 202019138173
005 20191026133322.0
010    @a978-7-5074-3182-7@dCNY56.00
100    @a20191025d2019 em y0chiy50 ea
101 0  @achi
102    @aCN@b110000
105    @aak z 000yy
106    @ar
200 1  @a建设工程项目管理通关宝典@9jian she gong cheng xiang mu guan li tong guan bao dian@f学天教育建工事业部组织编写@g陈晨主编
210    @a北京@c中国城市出版社@c中国建筑工业出版社@d2019
215    @a387页@c图@d26cm
225 2  @a2019年版全国一级建造师执业资格考试通关宝典
330    @a本套丛书包括的专业有经济、法规、项目管理、市政公用工程、建筑工程、机电工程、公路工程、水利水电工程。丛书内容紧扣最新考试大纲和考试用书,经过学天教育的层层分析总结出了命题规律,提炼了核心考点,包括详细的知识结构体系、考点分布、考点归纳、历年考题详解、水平测试卷等。
410  0 @12001 @a2019年版全国一级建造师执业资格考试通关宝典
606 0  @a基本建设项目@x项目管理@x资格考试@j自学参考资料
690    @aF284@v5
701  0 @a陈晨@9chen chen@4主编
712 02 @a学天教育建工事业部@9xue tian jiao yu jian gong shi ye bu@4组织编写
801  0 @aCN@c20190905
905    @a河南城建学院图书馆@dF284@eC385
    
    建设工程项目管理通关宝典/学天教育建工事业部组织编写/陈晨主编.-北京:中国城市出版社:中国建筑工业出版社,2019
    387页:图;26cm.-(2019年版全国一级建造师执业资格考试通关宝典)
    
    
    ISBN 978-7-5074-3182-7:CNY56.00
    本套丛书包括的专业有经济、法规、项目管理、市政公用工程、建筑工程、机电工程、公路工程、水利水电工程。丛书内容紧扣最新考试大纲和考试用书,经过学天教育的层层分析总结出了命题规律,提炼了核心考点,包括详细的知识结构体系、考点分布、考点归纳、历年考题详解、水平测试卷等。
●
相关链接 在E读中查询图书 在当当中查询图书 在豆瓣中查询图书


正题名:建设工程项目管理通关宝典     索取号:F284/C385         预约/预借

序号 登录号 条形码 馆藏地/架位号 状态 备注
1 1456304   214563042   社科库409/409社科库 100排4列2层/ [索取号:F284/C385] 在馆    
2 1456305   214563051   社科库409/409社科库 102排6列3层/ [索取号:F284/C385] 在馆    
河南城建学院图书馆 欢迎您!
大连网信软件有限公司© 版权所有